000 00653nam a2200253 i 4500
001 C2-0090476
003 PPAK
005 20180727092047.0
008 970513s1990 enka|||| ||||| | eng d
020 _a0721413234
040 _aPPAK
_beng
_cPPAK
_erda
082 0 4 _a428.6
_223
090 0 0 _a428.6
_bMUR
_dK
100 1 _aMurray, William,
_eauthor
245 1 0 _aMagic music
264 1 _aLeicestershire :
_bLadybird Books ,
_c1990
300 _a41 pages :
_billustrations ;
_c18 cm
336 _2rdacontent
_atext
337 _2rdamedia
_aunmediated
338 _2rdacarrier
_avolume
650 1 0 _aReaders
700 _eauthor
942 _ddc
_cB
999 _c18953
_d18953